| 000 | 01000nam a22002777a 4500 | ||
|---|---|---|---|
| 999 |
_c118473 _d118473 |
||
| 003 | dpl | ||
| 005 | 20190612154907.0 | ||
| 008 | 190612b ||||| |||| 00| 0 eng d | ||
| 010 | _aA-920489 | ||
| 020 |
_c75.00 _a8185478473 |
||
| 035 | _aA-920489, A-920490 | ||
| 037 | _bCen Lib/Ret | ||
| 040 |
_aDPL _bHN _c0 |
||
| 082 |
_aउ _bतेजिन्द |
||
| 100 |
_aतेजिन्दर _980371 |
||
| 245 |
_aउस शहर तक / _cतेजिन्दर |
||
| 246 |
_aUs shahar tak / _bby Tejinder |
||
| 260 |
_aनई दिल्ली _bज्ञान भारती _c1997 |
||
| 270 |
_a4/14 रूप नगर _bनई दिल्ली _e110007 |
||
| 300 |
_a107पृ. _c17सेमी(सजिल्द) |
||
| 650 |
_a साहित्य--उपन्यास _980372 |
||
| 650 |
_aहिंदी उपन्यास _980373 |
||
| 650 |
_a Literature--Novel _980374 |
||
| 650 |
_aHindi novel _980375 |
||
| 942 |
_2ddc _cHN _hउ _mतेजिन्द |
||